<An> Alternative Test for Ricardian Equivalence

Uložené v:
Podrobná bibliografia
Hlavný autor: Jäger, Albert
Médium: Kniha
Jazyk:German
Vydavateľské údaje: Wien Institut für höhere Studien 1987
Vydanie:1. Aufl.
Edícia:Forschungsbericht/Research Memorandum No.241
Tagy: Pridať tag
Žiadne tagy, Buďte prvý, kto otaguje tento záznam!

MARC

LEADER 00000nam a2200000 4500
001 c032107
005 20221219110727.1
041 0 |a ger 
044 |a AT 
245 1 0 |a <An> Alternative Test for Ricardian Equivalence  |c Albert Jäger 
250 |a 1. Aufl. 
264 1 |a Wien  |b Institut für höhere Studien  |c 1987 
300 |a 25 s. 
490 1 |a Forschungsbericht/Research Memorandum  |v No.241 
830 0 |a Forschungsbericht/Research Memorandum  |v No.241 
100 1 |a Jäger, Albert